| 000 | 00862cac a2200265 a 4500 | ||
|---|---|---|---|
| 003 | Co-PeBPM | ||
| 005 | 20251003155409.0 | ||
| 008 | 231129e1974||||ck a||||||||||||| ||spa|| | ||
| 020 | _a8433564056 | ||
| 040 | 0 |
_aCo-PeBPM _bspa _cCo-PeBPM _erda |
|
| 041 | _aspa | ||
| 082 | 0 | 4 |
_a537.1 D226e _222 |
| 100 | 1 |
_aDart, Francis E _eautor |
|
| 245 | 1 | 0 |
_aElectricidad _c/ Francis E. Dart, traducción Juan Antonio Lahoz |
| 260 |
_aBarcelona, España _b: Labor _c, 1974 |
||
| 300 |
_a121 páginas _b: ilustraciones a blanco y negro _c: 20,5 centímetros |
||
| 500 | _aIncluye índice. | ||
| 650 | 1 | 4 |
_aElectricidad _2LEMB |
| 650 | 1 | 4 |
_aIngeniería eléctrica _2LEMB |
| 650 | 1 | 4 |
_aLiteratura juvenil _2LEMB |
| 650 | 1 | 4 |
_aUsos _2LEMB |
| 700 |
_aLahoz, Juan Antonio _eTraducción |
||
| 942 |
_2ddc _cBK |
||
| 999 |
_c12724 _d12724 |
||